[Event "Schwaben-ch"]
[Site "Sonthofen"]
[Date "2013.11.03"]
[Round "6.9"]
[White "Stepanek, Vladimir"]
[Black "Rascher, Helena"]
[Result "0-1"]
[WhiteElo "1243"]
[BlackElo "1250"]
[PlyCount "77"]
[EventDate "2013.11.01"]
[EventType "swiss"]
[EventRounds "6"]
[EventCountry "GER"]
[SourceTitle "EXT 2022"]
[Source "ChessBase"]
[SourceDate "2021.10.06"]
[SourceVersion "1"]
[SourceVersionDate "2021.10.06"]
[SourceQuality "1"]

1. d4 Nf6 2. Nc3 e6 3. Bg5 h6 4. Bh4 c6 5. e4 Be7 6. e5 Nd5 7. Bxe7 Qxe7 8. Nxd5 exd5 9. Qd2 d6 10. f4 dxe5 11. fxe5 Qh4+ 12. g3 Qe4+ 13. Qe2 Qxh1 14. Nf3 Bg4 15. Kf2 Qxf3+ 16. Qxf3 Bxf3 17. Kxf3 0-0 18. Bh3 Na6 19. c3 Nc7 20. Rc1 Ne6 21. Kg2 Ng5 22. Bg4 Kh8 23. c4 f5 24. exf6 Rxf6 25. cxd5 cxd5 26. Rc5 Raf8 27. Rc2 Ne4 28. Kh3 Nf2+ 29. Kh4 Nxg4 30. Kxg4 b6 31. Re2 Rf5 32. h4 R8f7 33. b3 g6 34. Re6 h5+ 35. Kh3 Kg7 36. Re3 b5 37. b4 Rc7 38. g4 hxg4+ 39. Kxg4 0-1

[Event "Schwaben-ch"]
[Site "Sonthofen"]
[Date "2013.11.02"]
[Round "3.6"]
[White "Maugg, Ludwig"]
[Black "Stepanek, Vladimir"]
[Result "1-0"]
[WhiteElo "1836"]
[BlackElo "1243"]
[PlyCount "33"]
[EventDate "2013.11.01"]
[EventType "swiss"]
[EventRounds "6"]
[EventCountry "GER"]
[SourceTitle "EXT 2022"]
[Source "ChessBase"]
[SourceDate "2021.10.06"]
[SourceVersion "1"]
[SourceVersionDate "2021.10.06"]
[SourceQuality "1"]

1. d4 d5 2. c4 dxc4 3. e3 e6 4. Bxc4 Bb4+ 5. Nc3 Bd7 6. Nf3 Nf6 7. 0-0 0-0 8. Qe2 a6 9. e4 h6 10. e5 Bxc3 11. exf6 Qxf6 12. bxc3 b5 13. Bd3 Bc6 14. Ne5 Bb7 15. Be4 Bxe4 16. Qxe4 Ra7 17. Ba3 1-0

[Event "Suedschwaben-ch"]
[Site "Sonthofen"]
[Date "2012.11.01"]
[Round "1.7"]
[White "Aicher, Hans"]
[Black "Stepanek, Vladimir"]
[Result "1-0"]
[WhiteElo "1715"]
[BlackElo "1238"]
[PlyCount "52"]
[EventDate "2012.11.01"]
[EventType "swiss"]
[EventRounds "7"]
[EventCountry "GER"]
[SourceTitle "EXT 2022"]
[Source "ChessBase"]
[SourceDate "2021.10.06"]
[SourceVersion "1"]
[SourceVersionDate "2021.10.06"]
[SourceQuality "1"]

1. d4 d5 2. e4 dxe4 3. Nc3 e6 4. f3 g6 5. fxe4 Bg7 6. Nf3 a6 7. a4 Nc6 8. Be3 b6 9. Bc4 Bb7 10. 0-0 Qd7 11. d5 exd5 12. exd5 Nce7 13. Ng5 f5 14. Re1 h6 15. Ne6 Bxc3 16. bxc3 Rc8 17. Bf4 Rh7 18. Qf3 Nf6 19. Rad1 Ne4 20. g4 Nf6 21. gxf5 g5 22. Be5 Nfxd5 23. Qh5+ Rf7 24. Qxh6 Ng8 25. Qxg5 Ngf6 26. Bxf6 Qc6 1-0